Countries with the Highest Vegetarianism Rates - Statistics

General Stats
  • This quiz has been taken 129 times
  • The average score is 6 of 10
Answer Stats
Hint Answer % Correct
38% India
89%
9% United Kingdom
81%
9% Germany
70%
5% Australia
59%
10% Italy
54%
9% Austria
51%
6% Ireland
49%
13% Israel
36%
8% Brazil
34%
12% Taiwan
27%
No matching quizzes found
Score Distribution
Percent of People with Each Score
Percentile by Number Answered
Your Score History
You have not taken this quiz